|
|
|
|
| LEADER |
00000nab a2200000 a 4500 |
| 001 |
vtls009154180 |
| 003 |
SK-MaSNL |
| 005 |
20260303064041.0 |
| 008 |
071029c200703 xo r p 000 00slo |
| 015 |
|
|
|a SNBRB2007/10VKPO
|
| 038 |
|
|
|a SVKPOCL
|
| 040 |
|
|
|a SVKPOCL
|b slo
|c AACR2
|e AACR2
|
| 041 |
|
|
|a slo
|
| 044 |
|
|
|a xo
|c SK
|
| 080 |
|
|
|a 2-7:061.3
|2 2001
|
| 080 |
|
|
|a 323.113
|2 2001
|
| 080 |
|
|
|a 378.4.096(437.671.117.176):2
|2 2001
|
| 080 |
|
|
|a 061.3
|2 2001
|
| 245 |
0 |
0 |
|a Cirkvi a národné vedomie obyvateľov strednej Európy
|c [autor] (pšm)
|
| 300 |
|
|
|a Fotogr.
|
| 610 |
2 |
7 |
|a Prešovská univerzita v Prešove.
|b Filozofická fakulta.
|b Inštitút histórie
|2 svkpocl
|9 115952
|
| 611 |
2 |
7 |
|a Cirkvi a ich vplyv na formovanie národného vedomia národov a národnosti v strednej Európe... (konferencia)
|d (2007 :
|c Prešov, Slovensko)
|2 svkpocl
|9 1040980
|
| 650 |
0 |
7 |
|a cirkvi
|2 svkpocl
|9 22180
|
| 650 |
0 |
7 |
|a národné povedomie
|x formovanie
|2 svkpocl
|9 1062143
|
| 650 |
0 |
7 |
|a vedecké konferencie
|2 svkpocl
|9 284741
|
| 651 |
|
7 |
|a Prešov (Slovensko)
|2 svkpocl
|9 17347
|
| 773 |
0 |
|
|t Prešovská univerzita
|g Roč. XI, č. 3 (2007), s. 12-13
|
| 852 |
|
|
|a SVKPO
|b KIS3GCP
|
| 999 |
|
|
|c 1745524
|d 1747454
|